21st century journalism in India / (Record no. 1126)
[ view plain ]
| 000 -LEADER | |
|---|---|
| fixed length control field | 01330nam a2200325 a 4500 |
| 005 - DATE AND TIME OF LATEST TRANSACTION | |
| control field | 20260112063233.0 |
| 020 ## - INTERNATIONAL STANDARD BOOK NUMBER | |
| International Standard Book Number | 9780761935612 (hard back) |
| 020 ## - INTERNATIONAL STANDARD BOOK NUMBER | |
| International Standard Book Number | 0761935614 (hard back) |
| 020 ## - INTERNATIONAL STANDARD BOOK NUMBER | |
| International Standard Book Number | 9780761935629 (pbk.) |
| 020 ## - INTERNATIONAL STANDARD BOOK NUMBER | |
| International Standard Book Number | 0761935622 (pbk.) |
| 020 ## - INTERNATIONAL STANDARD BOOK NUMBER | |
| International Standard Book Number | 9788178297217 (India) |
| 020 ## - INTERNATIONAL STANDARD BOOK NUMBER | |
| International Standard Book Number | 8178297213 (India) |
| 020 ## - INTERNATIONAL STANDARD BOOK NUMBER | |
| International Standard Book Number | 8178297221 (India) |
| 020 ## - INTERNATIONAL STANDARD BOOK NUMBER | |
| International Standard Book Number | 9788178297224 (India) |
| 039 ## - LEVEL OF BIBLIOGRAPHIC CONTROL AND CODING DETAIL [OBSOLETE] | |
| Level of rules in bibliographic description | 202110061300 |
| Level of effort used to assign nonsubject heading access points | staff |
| Level of effort used to assign subject headings | 202110051205 |
| Level of effort used to assign classification | staff |
| Level of effort used to assign subject headings | 201301230317 |
| Level of effort used to assign classification | staff |
| Level of effort used to assign subject headings | 201206290543 |
| Level of effort used to assign classification | staff |
| -- | 200908040309 |
| -- | staff |
| 050 ## - LIBRARY OF CONGRESS CALL NUMBER | |
| Classification number | 079.54 |
| Item number | RAJ |
| 082 ## - DEWEY DECIMAL CLASSIFICATION NUMBER | |
| Classification number | 079.54 |
| Item number | RAJ [ Shelf 73 ] |
| 245 ## - TITLE STATEMENT | |
| Title | 21st century journalism in India / |
| Statement of responsibility, etc. | edited by Nalini Rajan. |
| 246 ## - VARYING FORM OF TITLE | |
| Title proper/short title | Twenty first century journalism in India |
| 260 ## - PUBLICATION, DISTRIBUTION, ETC. | |
| Place of publication, distribution, etc. | New Delhi ; |
| -- | Thousand Oaks, Calif. : |
| Name of publisher, distributor, etc. | SAGE Publications, |
| Date of publication, distribution, etc. | 2007. |
| 300 ## - PHYSICAL DESCRIPTION | |
| Extent | 324 p. ; |
| Dimensions | 22 cm. |
| 504 ## - BIBLIOGRAPHY, ETC. NOTE | |
| Bibliography, etc. note | Includes bibliographical references. |
| 650 ## - SUBJECT ADDED ENTRY--TOPICAL TERM | |
| Topical term or geographic name entry element | Journalism |
| Geographic subdivision | India. |
| 700 ## - ADDED ENTRY--PERSONAL NAME | |
| Personal name | Rajan, Nalini, |
| Dates associated with a name | 1954- |
| 856 ## - ELECTRONIC LOCATION AND ACCESS | |
| -- | able of contents only |
| Uniform Resource Identifier | <a href=" http://www.loc.gov/catdir/toc/ecip078/2007001005.html"> http://www.loc.gov/catdir/toc/ecip078/2007001005.html</a> |
| 856 ## - ELECTRONIC LOCATION AND ACCESS | |
| -- | ublisher description |
| Uniform Resource Identifier | <a href=" http://www.loc.gov/catdir/enhancements/fy0728/2007001005-d.html"> http://www.loc.gov/catdir/enhancements/fy0728/2007001005-d.html</a> |
| 991 ## - | |
| -- | VIRTUA40 |
| 991 ## - | |
| -- | VTLSSORT0080*0200*0201*0202*0203*0204*0205*0206*0207*0500*0820*2450*2460*2600*3000*5040*6500*7000*8560*8561*9992 |
| 909 ## - | |
| -- | 1141 |
| Withdrawn status | Lost status | Damaged status | Not for loan | Home library | Current library | Date acquired | Total checkouts | Full call number | Barcode | Copy number | Koha item type |
|---|---|---|---|---|---|---|---|---|---|---|---|
| Indian Institute Of Management, Shillong | Indian Institute Of Management, Shillong | 04/08/2009 | 079.54 RAJ [ Shelf 73 ] | 0004960 | Reference |